Dictionary of Modern English Usage (Record no. 54493)

MARC details
000 -LEADER
fixed length control field 00447nam a2200133Ia 4500
008 - FIXED-LENGTH DATA ELEMENTS--GENERAL INFORMATION
fixed length control field 211109s9999||||xx |||||||||||||| ||und||
082 ## - DEWEY DECIMAL CLASSIFICATION NUMBER
Classification number 428
Item number FOW.H
100 ## - MAIN ENTRY--PERSONAL NAME
Personal name Fowler, H W
245 #0 - TITLE STATEMENT
Title Dictionary of Modern English Usage
260 ## - PUBLICATION, DISTRIBUTION, ETC.
Name of publisher, distributor, etc. Oxford University
Place of publication, distribution, etc. London
Date of publication, distribution, etc. 1994
630 ## - SUBJECT ADDED ENTRY--UNIFORM TITLE
General subdivision POST GRADUATE REFERENCE
650 ## - SUBJECT ADDED ENTRY--TOPICAL TERM
Topical term or geographic name entry element English language--Usage
942 ## - ADDED ENTRY ELEMENTS (KOHA)
Koha item type BOOK
650 ## - SUBJECT ADDED ENTRY--TOPICAL TERM
Form subdivision English language
General subdivision English language--Errors of usageEnglish language--IdiomsEnglish
Holdings
Withdrawn status Lost status Source of classification or shelving scheme Damaged status Not for loan Home library Current library Date acquired Cost, normal purchase price Full call number Barcode Shelving location Date last seen Price effective from Koha item type
    Dewey Decimal Classification     SB LIBRARY SB LIBRARY 09/11/2021 200.00 423 FOW-D 00096936 POST GRADUATE REFERENCE 09/11/2021 09/11/2021 BOOK

Powered by Koha